21 personal breakthrough pravers & scriptures : (Record no. 35834)
[ view plain ]
| 000 -LEADER | |
|---|---|
| fixed length control field | 00760cam a22002177a 4500 |
| 005 - DATE AND TIME OF LATEST TRANSACTION | |
| control field | 20140520110319.0 |
| 008 - FIXED-LENGTH DATA ELEMENTS--GENERAL INFORMATION | |
| fixed length control field | 061114s2006 ph 000 0 eng |
| 020 ## - INTERNATIONAL STANDARD BOOK NUMBER | |
| International Standard Book Number | 1593830351 |
| 100 1# - MAIN ENTRY--PERSONAL NAME | |
| Personal name | Damazio, Frank. |
| 245 10 - TITLE STATEMENT | |
| Title | 21 personal breakthrough pravers & scriptures : |
| Remainder of title | removing longstanding obstacles / |
| Statement of responsibility, etc | Frank Damazio. |
| 246 3# - VARYING FORM OF TITLE | |
| Title proper/short title | Twenty-one personal breakthrough prayers and scriptures |
| 250 ## - EDITION STATEMENT | |
| Edition statement | 1st ed. |
| 260 ## - PUBLICATION, DISTRIBUTION, ETC. (IMPRINT) | |
| Place of publication, distribution, etc | Makati City : |
| Name of publisher, distributor, etc | Church Strengthening Ministry, |
| Date of publication, distribution, etc | 2006. |
| 300 ## - PHYSICAL DESCRIPTION | |
| Extent | iv, 135 p. ; |
| Dimensions | 17 cm. |
| 490 0# - SERIES STATEMENT | |
| Series statement | Life impact series |
| 500 ## - GENERAL NOTE | |
| General note | Originally published by City Christian Publishing. |
| 650 ## - SUBJECT ADDED ENTRY--TOPICAL TERM | |
| Topical term or geographic name as entry element | Meditations |
| 650 ## - SUBJECT ADDED ENTRY--TOPICAL TERM | |
| Topical term or geographic name as entry element | Devotional literature |
| 942 ## - ADDED ENTRY ELEMENTS (KOHA) | |
| Source of classification or shelving scheme | Library of Congress Classification |
| Item type | Books |
| Withdrawn status | Lost status | Source of classification or shelving scheme | Damaged status | Not for loan | Home library | Current library | Shelving location | Date acquired | Source of acquisition | Cost, normal purchase price | Accession number | Total Checkouts | Full call number | Barcode | Date last seen | Price effective from | Koha item type |
|---|---|---|---|---|---|---|---|---|---|---|---|---|---|---|---|---|---|
| Library of Congress Classification | BSOP Library | BSOP Library | Filipiniana | 02/06/2013 | Church Strengthening Ministry | 100.00 | 35514 | BV 4811 D18t 2006 | 00042024 | 02/23/2013 | 02/23/2013 | Books |
